Loading...
| Social Science | 0 | 1 | 0 | 0 | 10 | 66 | 66.00 | 0 | 0 |
| Geography/Current Events | 0 | 1 | 0 | 0 | 10 | 111 | 111.00 | 0 | 0 |
| Literature - American Literature | 0 | 1 | 0 | 0 | 10 | 110 | 110.00 | 0 | 0 |
| Literature - European Literature | 0 | 1 | 0 | 0 | 10 | 134 | 134.00 | 0 | 0 |
| Science - Other Science | 0 | 1 | 0 | 0 | 10 | 109 | 109.00 | 0 | 0 |
| History - Other History | 0 | 1 | 0 | 0 | 10 | 101 | 101.00 | 0 | 0 |
| History - World History | 0 | 1 | 0 | 0 | 10 | 67 | 67.00 | 0 | 0 |
| History - American History | 0 | 0 | 1 | 0 | -5 | 0.00 | 0 | 0 | |
| Fine Arts - Other Fine Arts | 0 | 0 | 1 | 0 | -5 | 0.00 | 0 | 0 | |
| History - European History | 0 | 0 | 2 | 0 | -10 | 0.00 | 0 | 0 |